| 000 | 00734nam a22002411 4500 | ||
|---|---|---|---|
| 008 | |||
| 020 | _a0713121920 (pbk.) | ||
| 049 | _aMAIN | ||
| 090 |
_aQK641 _bBEL |
||
| 100 | 1 | _aBell, Peter R. | |
| 245 | 1 | 4 |
_aThe diversity of green plants / _c[by] Peter R. Bell [and] Christopher L. F. Woodcock. |
| 260 |
_aLondon : _bEdward Arnold, _c1968. |
||
| 300 |
_aix, 374 p. : _bill. ; _c23 cm. |
||
| 440 | 0 | _aContemporary biology. | |
| 504 | _aIncludes bibliographical references. | ||
| 650 | 0 | _aPlant morphology. | |
| 700 | 1 | 0 | _aWoodcock, Christopher L. F. |
| 907 |
_a.b10365953 _b17-11-15 _c17-11-15 |
||
| 003 | |||
| 005 | 20230123122156.0 | ||
| 040 | _cNUST | ||
| 942 |
_cBOOKS _kQK641 _mBEL |
||
| 999 |
_c129127 _d129127 |
||